| 000 | 00734na a2200265 4500 | ||
|---|---|---|---|
| 001 | 15284 | ||
| 003 | MIRAKIL | ||
| 005 | 20181213155146.0 | ||
| 008 | 161024b tu 000 0 | ||
| 020 | _a97594906103 | ||
| 035 | _a15284 | ||
| 040 |
_aMilas _btur _cTR-AnCHP |
||
| 041 | _atur | ||
| 082 |
_a320.04 _bÜ57c [1999] |
||
| 090 | _a320.04 Ü57c [1999] | ||
| 100 | _aÜnsal, Niyazi | ||
| 245 |
_aCumhuriyeti çürütenler _cNiyazi Ünsal |
||
| 260 |
_aAnkara _b[yayl.y.] _c[1999] _fŞahin Matbaası |
||
| 300 |
_a779 s. _c20 sm. |
||
| 500 | _aYapıt yazarından imzalıdır. | ||
| 650 |
_aGülen cemaati _xDenemeler |
||
| 651 |
_aTürkiye _xSiyasal yaşam _yDenemeler |
||
| 651 | _aSiyasal denemeler | ||
| 942 |
_2ddc _cBKS |
||
| 999 |
_c7677 _d7677 |
||